000 00752cam a22002538a 4500
008
020 _a9780702029936 (pbk.)
049 _aMAIN
090 _aRB111
_bKUM
245 0 0 _aKumar & Clark's clinical medicine /
_c[edited by] Parveen Kumar[ and] Michael Clark.
250 _a7th ed.
260 _aEdinburgh :
_bSaunders Elsevier,
_c2009.
300 _axii ,1343 p. :
_bill. ;
_c27 cm.
500 _aIncludes index.
504 _aIncludes bibliographical references.
650 1 2 _aClinical Medicine.
700 1 _aKumar, Parveen.
700 1 _aClark, Michael.
907 _a.b10381570
_b25-07-17
_c25-07-17
003
005 20230123122251.0
040 _cNUST
942 _cBOOKS
_kRB111
_mKUM
999 _c130697
_d130697